000 00435nam a2200181Ia 4500
001 3748
005 20260306145706.0
008 260306t1989||||xx |||||||||||||| ||spa||
041 _aESP
082 _a302.23094
_bS23
100 _aSánchez-Bravo, Antonio
_eAUT
245 0 _aEuropa y la información (Prensa)
260 _c1989
300 _a106 páginas :
_c23 cm.
650 _aGEN
654 _aCED
942 _cLIB
_dJUS
_fJUS
_2ddc
_n
999 _c3748
_d3748